=LDR 00000nam 2200000 4500 =001 INLIS000000000040507 =005 20130612150054 =008 ***********************************ind** =035 ##$$0010-061300000040507 =041 ##$$a ind =082 ##$$a 780 =090 ##$$a 780, Pur m.1 =100 ##$$a PURWANTO, Anggit Dwi =245 ##$$a Music highight jilid 1, Anggit dwi purnanto =260 ##$$a [Sa] $b Yogyakarta =300 ##$$a 20 hlm, Ilus, 30 cm =650 ##$$a MUSIK =850 ##$$a NBPNMAT